| 000 | 01034cam a2200253 4500 | ||
|---|---|---|---|
| 008 | 090401t1998 xxu||||| |||| 00| 0 eng d | ||
| 020 | _a1859788831 | ||
| 035 | _a(Sirsi) u86869 | ||
| 041 | _aeng | ||
| 050 | _a347.4109 | ||
| 100 | _aCrowter, Harold | ||
| 245 | _aIntroduction to arbitration. | ||
| 260 |
_aLondon _bLLP _c1998 |
||
| 300 | _axxvii,305p. ; 22cm. | ||
| 350 | _a50 | ||
| 490 | _aLLP Dispute Resolution Guides | ||
| 520 | _aA practical guide covering all aspects of arbitration, from the drafting of an arbitration agreement through to the award, including enforcement and appeals. Covers special types of arbitration such as consumer schemes and arbitrations under statute. | ||
| 650 | _aARBITRATION ACT 1996 | ||
| 650 | _aMANAGEMENT-DISPUTE AVOIDANCE, MANAGEMENT AND RESOLUTION-DISPUTE MANAGEMENT AND RESOLUTION-ARBITRATION | ||
| 650 | _aTRIBUNALS | ||
| 690 | _aMANAGEMENT-DISPUTE AVOIDANCE, MANAGEMENT AND RESOLUTION-DISPUTE MANAGEMENT AND RESOLUTION-ARBITRATION | ||
| 942 | _n0 | ||
| 948 | _c17/06/1998 | ||
| 999 |
_c97187 _d97187 |
||